Southville International School and Colleges
Your cart is empty.
  • Cart
  • Lists
    Public lists Eva Luna New books Lux_list list_1
    Your lists Log in to create your own lists
  • Log in to your account
  • Your cookies
  • Search history
Southville International School and Colleges
  • Advanced search
  • Recent comments
  • Most popular
  • Libraries

Log in to your account

Log in with GOOGLE


If you do not have an external account, but do have a local account, you can still log in:

  1. Home
  2. MARC view: Everything you need to know about Crohn's disease and ulcerative colitis /
Normal view MARC view ISBD view

Everything you need to know about Crohn's disease and ulcerative colitis / (Record no. 9693)

[ view plain ]
MARC details
000 -LEADER
fixed length control field 01296cam a22003614a 4500
001 - CONTROL NUMBER
control field 13120572
003 - CONTROL NUMBER IDENTIFIER
control field OSt
005 - DATE AND TIME OF LATEST TRANSACTION
control field 20140310182131.0
008 - FIXED-LENGTH DATA ELEMENTS--GENERAL INFORMATION
fixed length control field 030312s2004 nyua j b 001 0 eng
010 ## - LIBRARY OF CONGRESS CONTROL NUMBER
LC control number 2003005939
020 ## - INTERNATIONAL STANDARD BOOK NUMBER
International Standard Book Number 0823939960 (lib. bdg.)
040 ## - CATALOGING SOURCE
Original cataloging agency DLC
Transcribing agency DLC
Modifying agency DLC
042 ## - AUTHENTICATION CODE
Authentication code pcc
-- lcac
050 00 - LIBRARY OF CONGRESS CALL NUMBER
Classification number RC 862.I53
Item number .G53 2004
082 00 - DEWEY DECIMAL CLASSIFICATION NUMBER
Classification number HS 616.3
Item number G36 2004
100 1# - MAIN ENTRY--PERSONAL NAME
Personal name Giddens, Sandra.
9 (RLIN) 13113
245 10 - TITLE STATEMENT
Title Everything you need to know about Crohn's disease and ulcerative colitis /
Statement of responsibility, etc Sandra Giddens and Owen Giddens.
246 30 - VARYING FORM OF TITLE
Title proper/short title Crohn's disease and ulcerative colitis
260 ## - PUBLICATION, DISTRIBUTION, ETC. (IMPRINT)
Place of publication, distribution, etc New York :
Name of publisher, distributor, etc Rosen Pub. Group,
Date of publication, distribution, etc c2004.
300 ## - PHYSICAL DESCRIPTION
Extent 64 p. :
Other physical details col. ill. ;
Dimensions 23 cm.
440 #4 - SERIES STATEMENT/ADDED ENTRY--TITLE
Title The need to know library
9 (RLIN) 10026
521 ## - TARGET AUDIENCE NOTE
Target audience note
526 ## - STUDY PROGRAM INFORMATION NOTE
Reading level
650 #0 - SUBJECT ADDED ENTRY--TOPICAL TERM
Topical term or geographic name as entry element Inflammatory bowel diseases
Form subdivision Juvenile literature.
9 (RLIN) 14705
650 #1 - SUBJECT ADDED ENTRY--TOPICAL TERM
Topical term or geographic name as entry element Inflammatory bowel diseases.
9 (RLIN) 11184
650 #1 - SUBJECT ADDED ENTRY--TOPICAL TERM
Topical term or geographic name as entry element Diseases.
9 (RLIN) 10221
700 1# - ADDED ENTRY--PERSONAL NAME
Personal name Giddens, Owen.
9 (RLIN) 13116
856 41 - ELECTRONIC LOCATION AND ACCESS
Materials specified Table of contents
Uniform Resource Identifier <a href="http://www.loc.gov/catdir/toc/ecip041/2003005939.html">http://www.loc.gov/catdir/toc/ecip041/2003005939.html</a>
906 ## - LOCAL DATA ELEMENT F, LDF (RLIN)
a 7
b cbc
c orignew
d 1
e ecip
f 20
g y-gencatlg
942 ## - ADDED ENTRY ELEMENTS (KOHA)
Source of classification or shelving scheme Library of Congress Classification
Koha item type
Call number prefix
Holdings
Withdrawn status Lost status Source of classification or shelving scheme Damaged status Home library Current library Shelving location Date acquired Total Checkouts Full call number Barcode Date last seen Copy number Price effective from Koha item type
    Library of Congress Classification   Luxembourg Library Luxembourg Library High School Section 08/28/2013   RC 862.I53 .G53 2004 17147 08/28/2013 1 08/28/2013 Books

Everything you need to know about Crohn's disease and ulcerative colitis /

APA

Giddens S., Giddens O., . (2004). Everything you need to know about Crohn's disease and ulcerative colitis. New York: Rosen Pub. Group.

Chicago

Giddens Sandra, Giddens Owen, . 2004. Everything you need to know about Crohn's disease and ulcerative colitis. New York: Rosen Pub. Group.

Harvard

Giddens S., Giddens O., . (2004). Everything you need to know about Crohn's disease and ulcerative colitis. New York: Rosen Pub. Group.

MLA

Giddens Sandra, Giddens Owen, . Everything you need to know about Crohn's disease and ulcerative colitis. New York: Rosen Pub. Group. 2004.

  • Place hold
  • Print
  • Cite
  • Add to your cart (remove)
  • Save record
    BIBTEX Dublin Core MARCXML MARC (non-Unicode/MARC-8) MARC (Unicode/UTF-8) MARC (Unicode/UTF-8, Standard) MODS (XML) RIS
  • More searches
    Search for this title in:
    Other Libraries (WorldCat) Other Databases (Google Scholar) Online Stores (Bookfinder.com) Open Library (openlibrary.org)

Exporting to Dublin Core...

SOUTHVILLE LIBRARY

Southville International School and Colleges Library

1281 Tropical Ave. Cor. Luxembourg St., BF Homes International, Las Pinas City

Tel. No. 8256374 / 252358 Loc. 117/146

Powered by Koha